Quizzes
Events
Quiz Creation
Community
Videos
Private Events
Remove Ads
Sign In
Join for FREE
Feedback
Dark Mode
Quiz Categories
Sports
Geography
Music
Movies
Television
Just For Fun
Miscellaneous
History
Literature
Language
Science
Gaming
Entertainment
Religion
Holiday
For Kids
Quiz Lab
Recent
Popular Today
Quiz Kudos Today
Editor Picks
Curator Picks
Quizzes by...
Day
Popularity
Type
Ratings
Length
Year
Community
Subscriptions
Recent Discussions
Orange Saloon
Badges
Playlists
Quests
Create
Leaderboards
Showdown
Live 5
Trivia Bingo
Activity
Puzzle Library
Sporcle Events
Private Events
Virtual Trivia
Globe League
Become a Host
Pub Owners
SporcleCon
Opinionation
Our Games
Videos
Blog
Mobile Apps
Partnerships
Remove Ads and Go Orange
Feedback
Television
TV Characters
TV Show
Sitcom
Network
Friends
Reality Shows
Cast
South Park
Star Trek
The Simpsons
Doctor Who
Television
TV Characters
TV Show
Sitcom
Network
Friends
Reality Shows
Cast
South Park
Star Trek
The Simpsons
Doctor Who
Random Quiz
Search Sporcle
×
Quiz Lab
Quiz Lab
Television
Buffy the Vampire Slayer
Type in answers that appear in a list
Type in answers that appear in a list
Classic
Best Score? Go Orange.
Buffy The Vampire Slayer Fun Trivia Stats
Can you name the Buffy The Vampire Slayer trivia?
By
an_na
10m
20 Questions
855 Plays
855 Plays
855 Plays
Comments
Comments
Give Quiz Kudos
Give Quiz Kudos
-
- Ratings
hide this ad
Forced Order
Answers have to be entered in order
Answers have to be entered in order
Random Order
Randomize order of answers
Randomize order of answers
Replay
Link that replays current quiz
Next Quiz
Link to next quiz in quiz playlist
You Got
0%
They Got
Avg Score
51%
Avg Friend Score
Upgrade to see
Score Distribution
Jump to the score distribution portion of the page
Score
0/20
Timer
10:00
0
Plays Today
Question
Answer
% Correct
Who was Harmony's 'Blondie Bear'?
Spike
91.6%
When was Buffy presented the 'Class Protector' award?
Prom
85.8%
Who had a theory that 'some kid is dreaming'?
Willow
82.5%
How many vampires have bitten Buffy?
Three
79.8%
In five words or less, what is Spike doing outside Buffy's house?
Out. For. A. Walk. Bitch.
72.4%
What does Andrew try and kill first to open the seal?
A Piglet
66.1%
Who killed Faith's watcher?
Kakistos
65.4%
What does Cordelia's licence plate say?
QUEEN C
63.5%
What is Anya's real name?
Aud
56.3%
To close the Hellmouth, what did the seal want?
Tears
56.1%
Question
Answer
% Correct
What does Dawn love 'more than all the other fishes'?
Anchovies
53.7%
What is Jenny Calender's true name?
Janna
40.2%
Who does 7-
3-
0 refer to?
Dawn
37.3%
Who was Buffy's idol when she was younger?
Dorothy Hamill
37.3%
What school did Buffy transfer from?
Hemery High School
34.9%
What demon did Giles conjure when he was younger?
Eyghon
34.6%
Where is Angel originally from?
Galway, Ireland
27.7%
What food do Andrew and Spike bond over?
Onion Blossoms
25.6%
Who is the only musical guest to have a speaking part?
Aimee Mann
20.7%
What does Angel give Buffy for her 18th birthday?
Sonnets from the Portuguese
4%
Quiz Playlist
Details
Report
Send in Message
Add To Playlist
Classic:
Type in answers that appear in a list
Forced Order:
Answers have to be entered in order
Random Order:
Randomize order of answers
Last Updated: Feb 16, 2017
Quiz Scoreboard
CHALLENGE
Sign Up to Join the Scoreboard
Show All
Scores
Hide
Comments
May contain spoilers
Recently Published
Presidents Visiting Landmarks
by Hejman
History
7m
An Introduction to Baseball
by treessimontrees
Sports
5m
Movies - When Are They Set?
by FPL_Elf
Movies
5m
More to Explore
Quiz From the Vault
Featured Blog Post
Where Did the Easter Bunny Come From?
hide this ad
You Might Also Like...
Tags
Buffy the Vampire Slayer
Today's Top Quizzes in Television
Browse Television
hide this ad
Today's Top Quizzes in Buffy the Vampire Slayer
Browse Buffy the Vampire Slayer
Top Contributed Quizzes in Television
1
5-to-1: The Simpsons Families
2
One Piece Logic Puzzle
3
5-to-1: Television Doctors
4
7-to-1: TV Show Settings
5
5-to-1: Streaming Originals
6
Survivor Logic Puzzle: Heroes vs. Villains
7
Survivor Seasons
8
Survivor Season by Logo
9
One Thing in Common: Television
10
Survivor Trivia
Explore More
Trending Topics
Crossword
Disney
Marvel
Kpop
NBA
Harry Potter
Anime
Pokémon
Song
Country
The Office
NFL
WWE
Soccer
Puzzle
hide this ad
More By:
an_na
Quiz
Plays
Rating
Category
Featured
Created
Buffy The Vampire Slayer Fun Trivia
855
3.00
Television
Jul 28, 2011
Guess the Lyrics - Alice Cooper
368
4.00
Music
Jul 28, 2011
Guess The Lyrics - Alice Cooper II
260
1.50
Music
Aug 2, 2011
All About Alice
207
4.00
Music
Jul 28, 2011
Guess T.V, Theme
105
1.00
Television
Jul 29, 2011
Go to Creator's Profile
Score Distribution
Quiz Creator Spotlight
an_na
Follow
Send a Message
Quizzes Created
-
Created Quiz Play Count
-
More By This Creator
Popular Quizzes Today
1
Find the US States - No Outlines Minefield
2
Find the Countries of Europe - No Outlines Minefield
3
The Countries of the World
4
Find the US States
5
Popular People in 1961
6
US States
7
Risky Map Clicking: Biggest States A-Z
8
Movies - When Are They Set?
More Television Quizzes
Connect 'The Office' Characters
Curator's Pick
Trending Quizzes
Risky Map Clicking: Least Populous States A-Z
1-10 Letter G Words
1-10 Letter F Words
Risky Map Clicking: Next State Alphabetically
Risky Map Clicking: Biggest States A-Z
Recently Updated
Leaping Animals
pecheneg
Reality TV Shows (A-Z)
bhenderson79
Rickey Henderson's Hall of Fame Teammates
pecheneg
Champions League XIs: Arsenal
pecheneg
Quick Pick: Celebrities in WWE's Hall of Fame
aduchscher
A-Z Keypad Blitz II
pecheneg
Multiple Oscar Actors
pecheneg
Mystery Phrase Blitz: Oscar 'Best Actors'
pecheneg
F. Scott Fitzgerald Novels
LTH
Pick 3 Villains
ddd62291
Trending Topics
Crossword
Kpop
Anime
Disney
Harry Potter
NBA
Marvel
Soccer
Puzzle
Pokémon
WWE
Country
NFL
Song
The Office
Your Account Isn't Verified!
In order to create a playlist on Sporcle, you need to verify the email address you used during registration. Go to your
Sporcle Settings
to finish the process.
Report this User
Report this user for behavior that violates our
Community Guidelines
.
Details:
Send Report
Go to the Sporcle.com Mobile Site →
Comments